Riconosci il Pokémon - Quiz n°383 - Statistics

Statistiche generali
  • Questo quiz è stato fatto 0 volte
  • Il punteggio medio è 0 su 10
Statistiche sulle risposte
Indizio Risposta % Corretto
Altezza 1,0 m
0%
Peso 34,3 kg
0%
Tasso di cattura 45 (11.9%)
0%
Sesso 50% ♂, 50% ♀
0%
Pokémon Chandelure
0%
Abilità Fuocardore; Coprodifuoco; Pedinombra; Intrapasso
0%
Tasso di allevamento Medio-Lento
0%
Generazione Quinta
0%
Stadio evoluzione Seconda evoluzione
0%
Tipo Spettro / Fuoco
0%
Nessun quiz corrispondente trovato
Distribuzione punteggi
Percentuale di utenti per punteggio
Percentile per numero di risposta
I tuoi punteggi nel tempo
Non hai fatto questo quiz